000 00412nam a2200145Ia 4500
008 090124s9999 xx 000 0 und d
082 _b206372
245 _a ऐसे भी लोग
250 _a1
260 _bश्रीवास्तव इकबाल बहादुर
_c2003
300 _a151
630 _a ऐसे भी लोग
730 _a ऐसे भी लोग
942 _cBOOK
999 _c187969
_d187969